| 000 | 00631nam a2200205Ia 4500 | ||
|---|---|---|---|
| 003 | OSt | ||
| 005 | 20220926041356.0 | ||
| 006 | a|||||r|||| 00| 0 | ||
| 007 | ta | ||
| 008 | 220923b |||||||| |||| 00| 0 eng d | ||
| 020 | _aAppendix at the end | ||
| 037 | _cGeneral Book | ||
| 040 |
_aRTL _cRTL _beng |
||
| 041 |
_2eng _aeng |
||
| 082 | _aX528.281.N7, L9/Th | ||
| 245 | 0 | _aNA | |
| 490 | _aUniversity of Delhi, Commerce and Business (Faculty of-), Dissertation. Dissertation, University of Delhi, Commerce and Business (Faculty of- | ||
| 942 |
_hX528.281.N7, L9/Th _cGB _2CC |
||
| 999 |
_c667049 _d667049 |
||